000 00850cam a22002054a 4500
005 20250605164031.0
008 250528s ||||||||||||||||||||||||d
035 _a16638
020 _a130975281
040 _aGR-AtMCL
_bgre
_dGR-AtMCL
_eAACR2
245 1 _aGreat American Stories 2 / Beginning-Intermediate to Upper-Intermediate Levels: Second Edition
250 _a2nd
260 _bPrentice Hall,
_c1994
300 _a138
520 _aSeven adaptations of famous stories by classic American authors are featured in this reader for learners of English at the intermediate level. To the Reader and Teacher, The Romance of a Busy Broker, The Bride Comes to Yellow Sky, The Cask of Amontillado, A Jury of Her Peers, Paste, Paul's Case, The Lost Phoebe.
700 1 _aDraper C. G
_92721
942 _cBK
999 _c2116
_d2116